000 01616nam a22002417a 4500
999 _c63492
_d63492
003 Ge_BSU
005 20251017211836.0
008 251017s2009 ge ||||| |||| 00| 0 geo d
020 _a9789941409097
041 _ageo
080 _a656.614 : 347.79 წ-85
100 _aწულაძე, იაგო
_922025
245 _aსაზღვაო გადაზიდვების საერთაშორისო და შიდასახელმწიფოებრივი სამართლებრივი რეგულირება :
_bდამხმ. სახელმძღვ. /
_c იაგო წულაძე; [რედ. როსტომ გუნთაიშვილი]; ბათუმ. საზღვაო აკად. ბიზნესისა და მართვ. ფაკულტეტი.
264 _aბათუმი :
_b შოთა რუსთაველის სახელმწ. უნ-ტი,
_c2009.
300 _a215გვ. ;
_b20 სმ.
501 _aდანართი რუს.: გვ. 185-209.
504 _aბიბლიოგრ.: გვ. 210-214.
653 _aსაზღვაო გადაზიდვები
653 _aსამართლებრივი რეგულირება
700 _aგუნთაიშვილი, როსტომ
_eრედაქტორი
_92269
710 _aბათუმის საზღვაო აკადემია
_bბიზნესისა და მართვ. ფაკულტეტი
_926065
942 _2udc
_cᲬᲘᲒᲜᲘ